| 000 | 00690nam a2200229Ia 4500 | ||
|---|---|---|---|
| 999 |
_c37875 _d37875 |
||
| 003 | GCL | ||
| 005 | 20240530103240.0 | ||
| 008 | 140319s9999 xx 000 0 ara d | ||
| 020 | _a331200977 | ||
| 040 |
_aGCL / _cGCL |
||
| 082 | 0 | 4 |
_a181.09512 _bل ط |
| 100 | 1 | _aلوتسو | |
| 245 | 1 | 0 |
_aالطريق الى الفضيلة : نص صينى مقدس / _cلوتسو |
| 250 | _aالاولى | ||
| 260 |
_aالكويت : _bدار سعاد الصباح ، _c1992 |
||
| 300 |
_a115 ص ؛ _c20 سم |
||
| 650 | 0 | 4 | _aالفلسفة الشرقية |
| 650 | 0 | 4 | _aالكنونفوشيسية |
| 650 | 0 | 4 | _aالفلسفة البوذية |
| 700 | 1 | _aعلاء الديب | |
| 942 |
_2ddc _cBK |
||